Piłkarze Sparty Praga - nagła śmierć - Statystyki

Ogólne statystyki
  • Ten quiz został rozwiązany 47 razy
  • Średni wynik to 3 z 8
Answers on the Grid
Answers color-coded by a green-red scale on the quiz's grid according to % correct below.
Petr Cech
Milan Baroš
Patrik Schick
Luka Modrić
Vladimír Šmicer
Pavel Nedved
Semir Štilić
Tomas Rosicky
Álvaro Morata
Mauro Icardi
Wilfried Bony
Demba Ba
Dávid Hancko
Lukas Haraslin
Artjoms Rudņevs
Tomas Ujfalusi
 
Statystyki odpowiedzi
Odpowiedź % Poprawnych
Petr Cech
74%
Lukas Haraslin
38%
Patrik Schick
38%
Tomas Rosicky
36%
Pavel Nedved
29%
Dávid Hancko
24%
Tomas Ujfalusi
12%
Wilfried Bony
12%
Nie znaleziono quizów pasujących do podanych kryteriów
Rozkład punktacji
Procent ludzi z każdym wynikiem
Percentyl według liczby udzielonych odpowiedzi
Twoja historia wyników
Nie rozwiązałeś tego quizu